<?xml version="1.0" encoding="UTF-8"?>
<marc:record xmlns:marc="http://www.loc.gov/MARC21/slim">
   <marc:leader>00000nam a2200000 a 4500</marc:leader>
   <marc:datafield ind1="1" ind2=" " tag="100">
      <marc:subfield code="a">Verne, Jules</marc:subfield>
      <marc:subfield code="4">aut</marc:subfield>
      <marc:subfield code="e">Verfasser/-in</marc:subfield>
   </marc:datafield>
   <marc:datafield ind1="1" ind2=" " tag="100">
      <marc:subfield code="a">Kottmann, Manfred</marc:subfield>
      <marc:subfield code="4">trl</marc:subfield>
      <marc:subfield code="e">Übersetzer/-in</marc:subfield>
   </marc:datafield>
   <marc:datafield ind1="1" ind2=" " tag="100">
      <marc:subfield code="a">Verne, Jules</marc:subfield>
   </marc:datafield>
   <marc:datafield ind1="0" ind2="0" tag="245">
      <marc:subfield code="a">Reise um die Erde in 80 Tagen</marc:subfield>
   </marc:datafield>
   <marc:datafield ind1="0" ind2="0" tag="245">
      <marc:subfield code="b">Roman</marc:subfield>
   </marc:datafield>
   <marc:datafield ind1="0" ind2="0" tag="245">
      <marc:subfield code="c">Jules Verne. Aus dem Franz. von Manfred Kottmann</marc:subfield>
   </marc:datafield>
   <marc:datafield ind1=" " ind2="1" tag="264">
      <marc:subfield code="a">Frankfurt, M.</marc:subfield>
      <marc:subfield code="b">Fischer-Taschenbuch-Verl.</marc:subfield>
      <marc:subfield code="c">2011</marc:subfield>
   </marc:datafield>
   <marc:datafield ind1="1" ind2=" " tag="490">
      <marc:subfield code="a">Fischer</marc:subfield>
      <marc:subfield code="v">90304 : Fischer Klassik</marc:subfield>
   </marc:datafield>
   <marc:datafield ind1=" " ind2=" " tag="250">
      <marc:subfield code="a">Ungekürzte Ausg.</marc:subfield>
   </marc:datafield>
   <marc:datafield ind1="1" ind2=" " tag="520">
      <marc:subfield code="a">Angaben aus der Verlagsmeldung

Reise um die Erde in 80 Tagen : Roman Le tour du monde en quatre-vingts jours / von Jules Verne

Der exzentrische Engländer Phileas Fogg bietet seinen Freunden eine abenteuerliche Wette an: Gelingt es ihm nicht, in 80 Tagen einmal um die Welt zu reisen, verliert er sein gesamtes Vermögen. Selbstverständlich gibt es reguläre Wasser- und Landverbindungen, die eine Reise um die Erde möglich machen. Aber in 80 Tagen? Topp, die Wette gilt! Phileas Fogg setzt all sein Hab und Gut aufs Spiel, um zu beweisen, wie klein die Welt geworden ist. Es beginnt eine kuriose, abenteuerliche und spannende Reise rund um den Globus, die vor dem Traualtar endet. Jules Vernes vergnüglichstes Buch, mehrfach verfilmt.&lt;br&gt;
&lt;br&gt;
Mit dem Werkbeitrag aus dem Neuen Kindlers Literatur Lexikon.&lt;br&gt;
&lt;br&gt;
Mit Daten zu Leben und Werk, exklusiv verfasst von der Redaktion der Zeitschrift für Literatur TEXT + KRITIK.
</marc:subfield>
   </marc:datafield>
   <marc:datafield ind1=" " ind2=" " tag="020">
      <marc:subfield code="a">9783596903047</marc:subfield>
      <marc:subfield code="9">9783596903047</marc:subfield>
   </marc:datafield>
   <marc:datafield ind1=" " ind2=" " tag="041">
      <marc:subfield code="a">ger</marc:subfield>
   </marc:datafield>
   <marc:datafield ind1=" " ind2=" " tag="300">
      <marc:subfield code="a">252 S.</marc:subfield>
   </marc:datafield>
</marc:record>
